| 000 | 00668nam a2200121 4500 | ||
|---|---|---|---|
| 082 | _a621.382, SIN | ||
| 100 |
_aR P Singh _9104605 |
||
| 110 |
_aS D Sapre _9104606 |
||
| 245 | _aCommunication Sytems / | ||
| 260 |
_aNew Delhi _bMcGraw Hill _c2008 |
||
| 505 | _aSignals Analysis (Page-1), Linear Systems (Page-78), Probabilty and Random Signal Theory (Page-114), Noise (Page-166), Amplitude Modulation Systems (Page-209), Angle Modulation Systems (Page-385), Pulse Modulation Systems (Page-385), Pulse Code Modulation (Page-407), Data Transmission (Page-430), Iformation Theory (Page-452), Coding (Page-490), Advancend Communaction Systems (Page-524). | ||
| 942 |
_2ddc _cBK |
||
| 999 |
_c592642 _d592642 |
||